| 000 | 01704nam a2200253Ia 4500 | ||
|---|---|---|---|
| 003 | OSt | ||
| 005 | 20210105090511.0 | ||
| 008 | 191128s2012 yo gr 000 0dspa d | ||
| 020 | _a9783847364436 | ||
| 040 |
_aCO-JMCR _cCO-JMCR |
||
| 041 | 0 | _aspa | |
| 082 | 0 | 4 |
_a658.562 / _bM112g _223 |
| 100 | 1 |
_aMaceo Alvarez , Yosvanis, _eautor _912642 |
|
| 245 | 1 | 0 |
_aGestión de los costos de calidad : _bprocedimiento metodológico para su cálculo y evaluación en la producción agrícola arrocera / _cYosvanis Maceo Alvarez |
| 260 |
_aSaarbrücken : _bEditorial Académica Española, _c2012 |
||
| 300 |
_a49 páginas ; _c22 cm. |
||
| 500 | _aIncluye datos biográficos del autor en contraportada y notas a pie de página. | ||
| 504 | _aBibliografía: páginas 47-49 | ||
| 505 | 0 | _aMarco conceptual teórico -- Diseño de los procedimientos para la determinación y evaluación de los costos de calidad -- Aplicación práctica del procedimiento propuesto | |
| 520 | 3 | _aEn el contexto empresarial moderno, los sistemas de calidad se convierten en herramientas de gestión importantes para el logro de los objetivos de las organizaciones, llegando a convertirse en una ventaja competitiva para lograr posiciones estratégicas en el mercado. Para el logro de esta calidad se incurre en un costo, categoría económica conocida como costos de calidad. Mediante este texto ponemos a consideración del lector una propuesta metodológica, específicamente para la producción agrícola arrocera que permita cuantificar los costos por concepto de la calidad y la no calidad. | |
| 650 | 1 | 4 |
_aCostos de calidad _xprocedimientos _912643 |
| 650 | 1 | 4 |
_aProducción agrícola _xevaluación _912644 |
| 942 |
_2ddc _cBK |
||
| 999 |
_c6196 _d6196 |
||